| 000 -LEADER |
| fixed length control field |
01465nam a2200289Ia 4500 |
| 001 - CONTROL NUMBER |
| control field |
18155 |
| 003 - CONTROL NUMBER IDENTIFIER |
| control field |
GE_BSU |
| 008 - FIXED-LENGTH DATA ELEMENTS--GENERAL INFORMATION |
| fixed length control field |
181216s||||||||xx |||||||||||||| ||und|| |
| 020 ## - INTERNATIONAL STANDARD BOOK NUMBER |
| International Standard Book Number |
978-9941-401-48-0 |
| 040 ## - CATALOGING SOURCE |
| Transcribing agency |
GE_BSU |
| 080 ## - UNIVERSAL DECIMAL CLASSIFICATION NUMBER |
| Universal Decimal Classification number |
811.353.1'36+ 811.353.1'373 |
| 100 ## - MAIN ENTRY--PERSONAL NAME |
| Personal name |
მელიქიშვილი, დამანა |
| 245 ## - TITLE STATEMENT |
| Title |
ფილოლოგიური ძიებანი |
| 245 ## - TITLE STATEMENT |
| Remainder of title |
სტატიების კრებული |
| 245 ## - TITLE STATEMENT |
| Statement of responsibility, etc. |
შეადგინეს და გამოსაც. მოამზადეს ვიქტორია ჯუღელმა და ნანა მრევლიშვილმა. წინათქმა შუქია აფრიდონიძე |
| 260 ## - PUBLICATION, DISTRIBUTION, ETC. |
| Place of publication, distribution, etc. |
თბილისი |
| 260 ## - PUBLICATION, DISTRIBUTION, ETC. |
| Name of publisher, distributor, etc. |
ლოგოსი |
| 260 ## - PUBLICATION, DISTRIBUTION, ETC. |
| Date of publication, distribution, etc. |
2009 |
| 300 ## - PHYSICAL DESCRIPTION |
| Extent |
816გვ. ; 20სმ. ილ. |
| 300 ## - PHYSICAL DESCRIPTION |
| Accompanying material |
თემატ.საძიებ.გვ.807-815 |
| 520 ## - SUMMARY, ETC. |
| Summary, etc. |
ბიბლიოგრ. ტექსტ. შენიშვნ. |
| 653 ## - INDEX TERM--UNCONTROLLED |
| Uncontrolled term |
ფილოლოგიური ძიებანი |
| 653 ## - INDEX TERM--UNCONTROLLED |
| Uncontrolled term |
ქართული ენა |
| 653 ## - INDEX TERM--UNCONTROLLED |
| Uncontrolled term |
ქართული ენის გრამატიკა; ზმნა ქართულ ენაში; ძველი ქართული ენის გრამატიკა; ქართული ენის ლექსიკოლოგია |
| 942 ## - ADDED ENTRY ELEMENTS (KOHA) |
| Koha item type |
წიგნი |